000 01390nam a2200337 i 4500
001 195884
003 ES-MaACL
005 20250325063045.0
008 240728s2022 sp a||| |||| 100 0dspa c
017 _aM 23586-2022
_bOficina Depósito Legal Madrid
020 _a9788412177299
035 _aRebiun32716211
040 _aES-ReCLR
_bcat
_erda
_cES-ReCLR
_dES-MaACL
080 _a72Gaudí, Antoni
_x(063)
_22004
080 _a929Gaudí, Antoni
_x(063)
_22004
245 0 0 _aGaudí en Madrid :
_bciclo de mesas redondas, Madrid, abril-mayo de 2002 (reedición: 1852-2002, 150 aniversario de su nacimiento).
250 _aSegunda edición
264 1 _a[Madrid] :
_bFundación ADIPROPE,
_c[2022].
300 _a239 páginas :
_bfotografías ;
_c24 cm.
336 _aText
_btxt
_2rdacontent
337 _asin mediación
_bn
_2rdamedia
338 _avolum
_bnc
_2rdacarrier
500 _a"Reedición de la obra editada por Fundación Independiente año 2022"--Verso de portada
600 1 4 _aGaudí, Antoni,
_d1852-1926
_955994
710 _aFundación ADIPROPE
_9237657
852 _aES-MaACL
_bR.153535
_cDEPOJ
_jN-9001
_hDonación: Editorial
_xEncuadernación rústica
_9204867
942 _cMONOGRAFIA
_n0
999 _c195884
_d195884